000
00377nam a2200133Ia 4500
003
GCL
008
140319s9999 xx 000 0 ara d
040
_a
GCL /
_c
GCL
082
0
4
_a
227
_b
ط ت
245
1
0
_a
تفسير الطبرى المسمى جامع البيان فى تأويل القرأن
260
_a
[S.N] :
_b
دار الكتب ،
_c
1992
300
_a
638 ص
490
_a
999
_c
53411
_d
53411